000 00702nam a2200193 a 4500
001 000036518
005 20240409073644.0
008 120119s1956 mx r 000 0 spa d
040 _aDO-SdBNP
_bspa
_cBNPHU
082 _a972.93053
_bO74d
100 1 _aOrnes, Horacio
_944011
245 1 0 _aDesembarco en Luperón :
_bepisodio de la lucha por la democracia en la República Dominicana /
_cHoracio Ornes ; prólogo Juan José Arevalo.
260 _aMéxico :
_bHumanismo,
_c1956.
300 _a187 p. ;
_c20 cm.
590 _aInventariado, 2018/ YL
651 4 _aRepública Dominicana
_xHistoria
_y1930-
_962766
700 1 _aArevalo, Juan José,
_eprol.
_937244
910 _aValidado. Control de calidad MFF
999 _c36009
_d36009